| 000 | 00646cam a22002418i 4500 | ||
|---|---|---|---|
| 001 | 18757477 | ||
| 005 | 20170309092800.0 | ||
| 008 | 150824s2016 nju 001 0 eng | ||
| 020 | _a9781119978107 (pbk.) | ||
| 040 | _cPK-LaUMT | ||
| 082 | 0 | 0 |
_a616.9101 _bDIM-I |
| 100 | 1 | _aDimmock, N. J. | |
| 245 | 1 | 0 |
_aIntroduction to modern virology / _cN. J. Dimmock, A. J. Easton, and K. N. Leppard |
| 250 | _a7th ed. | ||
| 260 |
_aChichester : _bJohn Wiley, _c2016 |
||
| 300 | _a519 p. | ||
| 500 | _aIncludes index. | ||
| 650 | 0 | _aVirology. | |
| 650 | 0 | _aVirus diseases. | |
| 700 | 1 | _aEaston, A. J. | |
| 700 | 1 | _aLeppard, K. N. | |
| 942 | _cBK | ||
| 999 |
_c91545 _d91545 |
||